[Event "Poikovsky Karpov 06th"]
[Site "Poikovsky"]
[Date "2005.03.06"]
[Round "8"]
[White "Bacrot, Etienne"]
[Black "Bologan, Viktor"]
[Result "1-0"]
[WhiteElo "2715"]
[BlackElo "2683"]
[Annotator "Ftacnik,Lubomir"]
[PlyCount "87"]
[EventDate "2005.02.26"]
[EventType "tourn"]
[EventRounds "9"]
[EventCountry "RUS"]
[EventCategory "18"]
[SourceTitle "CBM 106"]
[Source "ChessBase"]
[SourceDate "2005.06.06"]
[SourceVersion "1"]
[SourceVersionDate "2005.06.06"]
[SourceQuality "1"]

{[%mdl 2]} 1. d4 {Dautov,Rustem} Nf6 2. c4 e6 3. Nf3 d5 4. Nc3 Be7 5. Qc2 O-O 6. cxd5 exd5 7. Bg5 c5 ({RR} 7... c6) 8. dxc5 ({RR} 8. e3 cxd4 ({RR} 8... Nc6 9. dxc5 h6 10. Bh4 ({RR} 10. Bxf6 Bxf6 11. O-O-O Be6 12. Bc4 Nb4 13. Qb3 Bxc3 14. bxc3 Na6 15. Bxd5 Nxc5 16. Qb4 Qc7) 10... Bxc5 11. Bxf6 Qxf6 12. Nxd5 Bb4+ 13. Nxb4 Nxb4 14. Qd2 a5 15. a3 Rd8 16. Qc1 Nd3+ 17. Bxd3 Rxd3 18. O-O Bf5 19. Nd4) 9. Nxd4 h6 10. Bh4 Nc6 11. Nxc6 ({RR} 11. Rd1 Nxd4 12. Rxd4 Be6 13. Be2 Rc8) 11... bxc6 12. Be2 Be6 13. O-O Qa5 14. Rfd1 Rfd8 15. Rd2 ({RR} 15. Rac1 Rab8 16. Na4 c5 ({RR} 16... Rb4 17. Bxf6 Bxf6 18. a3) 17. b3 ({RR} 17. Nxc5 Rdc8) 17... c4) ({RR} 15. a3 c5 16. Bf3 Rab8 ({RR} 16... g5 17. Bg3 g4 18. Be2 d4 19. exd4 cxd4 20. b4 Qh5 21. Nb5 Rac8 22. Qa4) 17. Bg3 Bd6 ({RR} 17... Rb7 18. b4 cxb4 19. axb4 Qb6 ({RR} 19... Qxb4 20. Rab1) 20. b5) ({RR} 17... Rbc8 18. Be5) 18. Bxd6 Rxd6 19. b4 Qc7 20. Qd3 Rdd8 21. bxc5 Qxc5 22. Ne2) 15... Rd7 ({RR} 15... Rab8 16. Rad1 c5 17. Bf3 ({RR} 17. b3 c4) 17... Rb4 18. Bxf6 Bxf6 19. Nxd5 Bxd5 20. Rxd5 Rxd5 21. Bxd5 Rxb2) 16. Rad1 Rad8 17. Bf3 ({RR} 17. h3 c5 18. Bb5 Rb7 ({RR} 18... Rc7 19. Bc4 g5 20. Bg3 Rb7 ({RR} 20... Rcd7 21. Bb5 {RR} Rb7 22. Bc6 Rb4 23. Be5) 21. Bb3 c4 22. Ba4) 19. Bc6 Rb4 20. Bxf6 Bxf6 21. Bxd5 Rxb2 22. Qxb2 Bxc3 23. Bxe6 Bxd2 24. Bb3 Bb4 25. Rxd8+ Qxd8 26. Qe5) 17... c5 18. Bxf6 ({RR} 18. b3 d4 19. Bxf6 ({RR} 19. Na4 g5 20. Bg3 dxe3 21. Rxd7 exf2+ 22. Bxf2 Rxd7 23. Rxd7 Nxd7) 19... Bxf6 20. Ne4 Be7 21. exd4 cxd4) ({RR} 18. Qa4 Qxa4 19. Nxa4 g5 20. Bg3 g4 21. Be2 Ne4 22. Rc2 d4 23. Bb5 Bxa2 24. Bxd7 Bb3) 18... Bxf6 19. e4 ({RR} 19. Nxd5 Bxd5 20. Bxd5 Rxd5 21. Rxd5 Rxd5 22. Rxd5 Qe1#) 19... dxe4 ({RR} 19... d4 20. Nd5) ({RR} 19... Bg5 20. exd5 Bxd2 21. Rxd2) ({RR} 19... Bxc3 20. Qxc3 Qxc3 21. bxc3) 20. Rxd7 Bxd7 ({RR} 20... Rxd7 21. Rxd7 Bxd7 22. Bxe4 Be6 23. a3 Bd4) 21. Nxe4 Bd4 22. b3 Bf5 {Dautov,R (2636)-Kasimdzhanov,R (2674) Essen 2002 CBM 090 [Dautov,Rustem] ½-½}) 8... Qa5 ({RR} 8... Nc6 9. e3 Be6 10. Rd1 Nb4 11. Qb3 Bxc5 12. Nd4 Rc8 13. Be2 h6 14. Bh4 Qe7 15. O-O Bxd4 16. exd4 g5 17. Bg3 Ne4 18. Bf3 Nxc3 19. bxc3 Nc6 20. Bxd5 Na5 21. Qb5 Nc4 22. Qxb7 Qf6 23. Bxc4 {Ishvi,A (1954)-Rogov,M (2348) chess.com INT 2025 0-1 (53)}) 9. e3 ({RR} 9. Nd4 Qxc5 10. Nb3 Qd6 11. e3 Be6 12. Be2 Nc6 13. Rd1 h6 14. Bf4 Qd8 15. O-O Rc8 16. a3 a6 17. Bf3 Qb6 18. Nd4 Nxd4 19. exd4 Rfd8 20. Rfe1 Qa5) 9... Nc6 {Bologan has accepted the game with isolated pawn, since due to the move 7..c5 he can try to benefit from the development advantage.} (9... Qxc5 10. Be2 Nc6 11. Rd1 Be6 12. O-O h6 13. Bh4 g5 (13... Ne4 14. Bxe7 Nxe7 15. Nd4 Nxc3 16. bxc3 Rac8 17. Qa4 Nf5 18. Nxe6 fxe6 19. e4 Ne3 20. fxe3 Qxe3+ 21. Kh1 Qxe2 22. Rfe1 Qf2 23. exd5 exd5 24. Qb3 {½-½ Azmaiparashvili,Z-Geller,E/Belgrade 1988/ (65)}) 14. Bg3 Ne4 15. Nd4 Nxd4 16. exd4 Qc6 17. Bb5 Qb6 18. Nxe4 Qxb5 19. Nc3 Qd7 20. Rde1 Rae8 21. f4 f5 22. fxg5 hxg5 23. Be5 Rf7 24. Qe2 Rh7 25. Nb5 {1-0 Akopian,V-Goldin,A/Stratton Mountain 1999/ (39)}) 10. Bb5 $146 ({RR} 10. Be2 h6 11. Bh4 Qxc5 12. Rd1 Be6 13. O-O Rac8 14. Qb1 Rfd8 15. Nd4 Ne5 16. Nf5 Nc4 17. Nxe7+ Qxe7 18. Rd4 g5 19. Bg3 Qb4 20. Be5 Nd7 21. Bxc4 dxc4 22. Rfd1 Qa5 23. Bd6 Nf6 24. e4 Rd7 {Markus,R (2477)-Abramovic,B (2509) Yugoslavia 2002 1-0 (37)}) ({RR} 10. O-O-O Be6 11. Bb5 a6 12. Bxc6 bxc6 13. Na4) 10... Nb4 (10... a6 11. Be2 Qxc5 12. Rd1 $14) ({RR} 10... a6 11. Bxc6 bxc6 12. O-O ({RR} 12. Nd4 Qxc5) 12... Qxc5 13. Rac1) 11. Qa4 (11. Qd2 a6 12. Ba4 Qxc5 13. O-O $14) 11... Qxa4 12. Bxa4 Nd3+ 13. Ke2 Nxc5 {Black has not found the courage for the more original solution with the elimination of the b2 pawn. Unfortunatelly even such a daring approach would not promise him the equality.} (13... Nxb2 14. Bb3 b6 15. cxb6 Ba6+ 16. Kd2 axb6 17. Bxf6 Bxf6 18. Nxd5 $16) 14. Bc2 Be6 15. Nd4 Rac8 16. Rac1 g6 (16... h6 17. Bh4 Bg4+ 18. f3 Be6 19. Rhd1 $14) 17. Rhd1 Rfd8 18. Bb1 (18. a3 Kg7 19. h3 $14) 18... a6 19. a3 Kg7 20. Ba2 {Bacrot has optimally distributed his forces, Bologan can only hope for keeping the dynamic balance in the position.} (20. b4 Ncd7 21. Bd3 Ne5 22. Na4 $14) 20... h6 21. Bh4 (21. Bf4 Ncd7 22. e4 Nb6 23. Nxe6+ fxe6 24. exd5 exd5 25. Be5 $14) 21... g5 22. Bg3 Nce4 (22... b5 23. b4 Nce4 24. Nxe4 Rxc1 25. Rxc1 Nxe4 26. Be5+ $16) 23. Nxe4 Nxe4 24. Bc7 $1 {[%mdl 4] The elegant method of keeping the bishop's pair, te second player will have to live with distinctly worse position.} Re8 25. Rc2 Bf6 (25... Bd6 26. Rdc1 (26. Bxd5 Bxd5 27. Nf5+ Kf6 28. Nxd6 Nxd6 29. Rxd5 Nb5 30. Rdc5 Nd4+ $15) 26... Kf6 27. Bxd6 Nxd6 28. b4 $14) 26. Nxe6+ fxe6 27. Rdc1 g4 (27... Re7 $2 28. f3 $18) 28. f3 gxf3+ 29. gxf3 Ng5 30. f4 Nf7 (30... Ne4 $1 31. f5 Kf7 $13) 31. f5 $1 {The undermining of the pawn structure will finally include white's lightsquared bishop into the battle.} exf5 (31... Nd8 32. Bb6 Rxc2+ 33. Rxc2 exf5 34. Bxd5 $14) 32. Bxd5 Bg5 (32... Nd8 33. Kd3 b5 34. b3 $14) 33. Bb6 Rxc2+ 34. Rxc2 Nd6 35. Kf3 Bf6 (35... Kg6 36. Rc7 Re5 37. Bg8 Re8 38. Bb3 $14) 36. Bc5 Ne4 37. Bb4 (37. Bxb7 Nxc5 38. Rxc5 Bxb2 39. a4 $16) 37... Ng5+ 38. Kf2 b6 39. Rc7+ Kg6 40. h4 Ne6 (40... Ne4+ 41. Kf3 Re5 42. Bf7+ Kg7 43. Bh5+ Kg8 44. Bg6 Bxh4 45. Bh7+ Kh8 46. Bxf5 Rxf5+ 47. Kxe4 $16) 41. Rc6 $1 {With fine manouvers white has managed to preserve two bishops and control over the c file. The position is quite critical for Bologan.} a5 (41... Nc5 42. Bc3 Nd7 43. Bxf6 Nxf6 44. Rxb6 Re5 45. Bf3 $16) (41... Kf7 42. h5 Bxb2 43. Rxb6 a5 44. Bd6 Bc3 45. Bf4 Bg7 46. Ra6 Kf6 47. a4 Re7 48. Bg3 Kf7 49. e4 $1 fxe4 50. Ke3 $18) 42. Bc3 Bxh4+ (42... Bxc3 43. bxc3 Kf6 44. Rxb6 Ke5 45. Rxe6+ Rxe6 46. Bxe6 Kxe6 47. Kf3 Ke5 48. c4 $18) 43. Kf3 Kf7 44. e4 $1 {Bacrot has tied down black's hands first and now simple inclusion of white king immeditelly decides the bight. White has realized the potential of the position in a truly masterful way.} (44. e4 fxe4+ 45. Kxe4 Bf6 46. Kf5 Bxc3 47. bxc3 $18) 1-0

[Event "Negroponte op"]
[Site "Chalkis"]
[Date "2010.08.16"]
[Round "8"]
[White "Atalik, Suat"]
[Black "Burmakin, Vladimir"]
[Result "1/2-1/2"]
[WhiteElo "2607"]
[BlackElo "2605"]
[Annotator "Atalik,Suat"]
[PlyCount "35"]
[EventDate "2010.08.09"]
[EventType "swiss"]
[EventRounds "9"]
[EventCountry "GRE"]
[SourceTitle "CBM 137 Extra"]
[Source "ChessBase"]
[SourceDate "2010.09.01"]
[SourceVersion "1"]
[SourceVersionDate "2010.09.01"]
[SourceQuality "1"]

1. d4 d5 2. c4 c6 3. Nf3 Nf6 4. Nc3 e6 5. Bg5 Nbd7 6. cxd5 {Difficult decision. I have to reckon that I have always been bad with the Carlsbad structure(s).} (6. e3 Qa5 {Cambridge Springs Defence is one of the oldest branches of Semi-Slav and it is difficult to break it.} 7. cxd5 Nxd5 8. Qd2 Bb4 (8... N7b6 9. Bd3 Nxc3 10. bxc3 Nd5 11. O-O Qxc3 12. Qe2 Be7 13. Bxe7 Nxe7 14. Ne5 Ng6 15. Bxg6 hxg6 16. Qf3 O-O 17. h4 $44) (8... Nxc3 9. bxc3 b6 10. Bd3 Ba6 11. O-O $14) 9. Rc1 h6 (9... c5 10. Bc4 (10. a3 $1 Bxc3 11. bxc3 b6 12. c4 Qxd2+ 13. Nxd2 N5f6 $11 {a common ending.}) 10... cxd4 11. Qxd4 Bxc3+ 12. bxc3 O-O 13. e4 N5f6 14. e5 Nd5 15. O-O $14) (9... O-O 10. Bc4 $5 (10. Bd3 c5 11. a3 Bxc3 12. bxc3 cxd4 (12... b6 $2 13. e4) 13. cxd4 Qxa3 14. e4 Nb4 15. Bb1 b6 16. O-O $44)) (9... N7b6 10. a3 Bxc3 11. bxc3 Qxa3 12. e4 Ne7 13. Bd3 $44) 10. Bh4 c5 11. Bc4 {A new breath in this line.} (11. a3 Bxc3 12. bxc3 b6 13. c4 Qxd2+ 14. Nxd2 Ne7 $1 15. f3 (15. Bd3 Bb7 16. f3 f5 $1 $11) 15... Nf5 16. Bf2 Ba6 17. Bd3 Ke7 18. Ke2 Rhd8 $11) 11... cxd4 (11... N7b6 $6 12. Bxd5 Nxd5 13. a3 Bxc3 14. bxc3 $16) (11... Nxc3 12. bxc3 Ba3 13. Rb1 a6 14. Be2 $16) 12. Qxd4 Bxc3+ 13. bxc3 O-O 14. O-O $14 (14. e4 $2 Nf4 15. O-O Nb6 $17 {That is why interpolation of h6 h4 is important.})) 6... exd5 7. e3 Be7 8. Bd3 $5 {Once open a time this move was condemned to be a mistake.} (8. Qc2 Nh5 9. h4 $5 {is an annoying move a la Janowski. I have to start studying more if there is any room for improvement with my chess.} (9. Bxe7 Qxe7 10. O-O-O Nb6 11. h3 g6 12. Bd3 Ng7 13. g4 {another over worn line.} Be6 (13... Bd7 14. Kb1 O-O-O 15. Na4 Nxa4 16. Qxa4 Kb8 17. Rc1 Rc8 18. Ka1 $40) 14. Kb1 O-O-O 15. Na4 Nxa4 16. Qxa4 Kb8 17. Rc1 Ne8 18. Rc3 Nd6 19. Rhc1 (19. Ra3 Nc8) 19... f6 20. Ra3 Nc8 21. Qa5 g5 22. Rb3 Nb6 23. Ra3 (23. Nd2 h5 24. Ra3 Nc8 25. Nb3 b6 $13 26. Qe1 hxg4 27. hxg4 Qd6 $132) 23... Nc8 24. Rb3 Qc7 25. Qxc7+ Kxc7 $132 {and eventually h5 comes.}) 9... Ndf6 10. g3 $5 (10. Bd3 h6 11. Bf4 $5 {In the footsteps of Alekhine and Janowski.} (11. Bxf6 Nxf6 12. O-O-O Ng4 13. Kb1 Be6 14. g3 O-O 15. Rhf1 Rc8 $13 {Why should Black be worse?}) 11... Nxf4 12. exf4 Bg4 13. Ne5 Qb6 14. f3 Be6 15. Qf2 $13) 10... h6 11. Bf4 $13 {a la Bernstein and in the mouth of insanity.}) 8... h6 $5 (8... Ne4 9. Bf4 Ndf6 (9... f5 10. O-O O-O 11. h3 $14 {looks positionally very OK.}) 10. Qc2 Bf5 11. Ne5 g6 12. O-O O-O 13. f3 Nd6 14. Bxf5 Nxf5 15. g4 Ng7 $13) (8... Nh5 9. Bxe7 Qxe7 10. O-O O-O 11. Qb1 Nhf6 12. b4 $14 {wins some tempi for the minority attack.}) 9. Bf4 $5 (9. Bh4 Ne4 $5 (9... O-O 10. Qc2 Re8 11. Bg3 $14) 10. Bxe7 Qxe7 11. Qc2 $14) 9... Nh5 10. Be5 Nxe5 11. Nxe5 {A standart reaction a la Pillsbury.} (11. dxe5 $5 g6 12. Qc2 (12. Nd4 O-O 13. O-O Ng7 14. Qc2 $14) 12... O-O 13. O-O Ng7 14. Nd4 c5 15. Nf3 Be6 16. Rfd1 Qb6 17. e4 d4 18. Nd5 Qd8 19. Bc4 Bg4 20. b4 $13) 11... Nf6 12. O-O ({RR} 12. f4 Nd7 13. O-O Nxe5 14. fxe5 Bg5 15. Kh1 Be6 16. Qd2 Qe7 17. Ne2 O-O 18. Bc2 c5 19. Nf4 cxd4 20. exd4 Rac8 21. Rf2 Rc6 22. Raf1 Rfc8 23. Qd3 g6 24. Nxe6 Qxe6 25. Bd1 R8c7 26. Qg3 Rc1 {Praggnanandhaa,R (2738)-Jumabayev,R (2585) Douglas IOM 2023 1-0 (52)}) 12... Bd6 ({RR} 12... O-O 13. f4 Ne8 14. Kh1 Nd6 15. Qh5 f5 16. Qe2 Be6 17. g4 fxg4 18. Nxg4 Bf5 19. Rg1 Kh7 20. Ne5 Qc8 21. Rg4 Bf6 22. Rag1 Bxd3 23. Qxd3+ Qf5 24. Qe2 Rac8 25. h3 Rc7 26. Kh2 a6 27. Rg6 {Nesterov,A (2599)-Liu,Y (2401) Ulaanbaatar MGL 2026 1-0 (50)}) 13. f4 Qe7 (13... O-O 14. Qf3 c5 15. Rad1 cxd4 16. exd4 Qb6 17. Rf2 $40) 14. Qf3 $146 (14. Re1 O-O (14... Be6 15. f5 Bd7 16. e4 dxe4 17. Nxe4 Bxe5 18. dxe5 Nxe4 19. Bxe4 O-O-O 20. Qd4 Kb8 21. Qc3 Qg5 $13 {the over expanded pawn structure made me worried.}) 15. Qf3 $14) ({RR} 14. Kh1 h5 15. e4 dxe4 16. Nxe4 Be6 17. Qa4 Bd5 18. Nc3 O-O 19. Rae1 Qc7 20. Nxd5 cxd5 21. Qd1 Rfe8 22. Bb1 Re7 23. Re3 Bxe5 24. fxe5 Ng4 25. Rc3 Qb6 26. Rb3 Qh6 27. Qf3 Qd2 28. Qxd5 g6 {Hradeczky,T (1900)-Hocevar,N (1842) Budapest 2022 1-0 (36)}) ({RR} 14. Kh1 h5 15. e4 dxe4 16. Nxe4 Be6 17. Qa4 Bd5 18. Nc3 O-O 19. Rae1 Qc7 20. Nxd5 cxd5 21. Qd1 Rfe8 22. Bb1 Re7 23. Re3 Bxe5 24. fxe5 Ng4 25. Rc3 Qb6 26. Rb3 Qh6 27. Qf3 Qd2 28. Qxd5 g6 {Hradeczky,T (1900)-Hocevar,N (1842) Budapest 2022 1-0 (36)}) 14... Be6 15. Rac1 $5 {This move cuts out the possibility of castling long for Black and still the rook may be useful on c1.} g6 (15... O-O-O $6 {A real form of castling into the attack.} 16. Nb5 (16. f5 Bd7 17. Nxd5 Nxd5 18. Qxd5 Bxe5 (18... f6 $5 19. Ng4 (19. Nf7 $2 Qxe3+ 20. Kh1 Qxd3 (20... Bc7 21. Qc4) 21. Qxd6 Bxf5 22. Nxd8 Rxd8 $44) 19... h5 20. Nf2 Bc7 21. Qf3 Qd6 22. Qh3 $16) 19. Qxe5 Qxe5 20. dxe5 Rde8 21. e6 fxe6 22. f6 gxf6 23. Rxf6 $16) 16... Bb8 17. a3 a6 18. Nc3 $16) 16. a3 $1 {A good waiting move.} (16. g4 $2 Nxg4 17. Nxg4 Bxg4 18. Qxg4 Qxe3+ $19) (16. h3 Bf5 17. Bxf5 gxf5 $13) 16... Bf5 17. Bxf5 gxf5 18. Rc2 {I was tired and did not want to risk against the grandmaster.} (18. Rc2 Qe6 (18... h5 $5 19. b4 a6 20. Na4 Ne4 21. Nc5 Rh6 $132) 19. b4 O-O 20. b5 cxb5 21. Nxb5 Ne4 $132) (18. b4 a5 19. b5 Bxa3 20. Rc2 O-O 21. Qh3 Ng4 22. Rf3 $13) 1/2-1/2

[Event "Bundesliga 2122"]
[Site "Germany"]
[Date "2022.05.29"]
[Round "10.2"]
[White "Maghsoodloo, Parham"]
[Black "Adams, Michael"]
[Result "1-0"]
[WhiteElo "2701"]
[BlackElo "2698"]
[Annotator "Kapnisis,Spyridon"]
[PlyCount "77"]
[EventDate "2022.03.05"]
[EventType "team-tourn"]
[EventRounds "15"]
[EventCountry "GER"]
[SourceTitle "CBM 209 Extra"]
[Source "ChessBase"]
[SourceDate "2022.09.30"]
[SourceVersion "1"]
[SourceVersionDate "2022.09.30"]
[SourceQuality "1"]
[WhiteTeam "Muenchen 1836"]
[BlackTeam "Baden-Baden"]
[WhiteTeamCountry "GER"]
[BlackTeamCountry "GER"]

{[%evp 0,77,25,27,29,15,16,16,25,20,24,11,9,0,25,35,42,45,33,25,26,25,25,25,49,49,49,53,74,71,64,64,67,57,52,32,42,20,95,80,80,82,78,67,92,54,86,35,52,27,30,36,19,30,32,27,77,87,84,77,72,72,72,72,81,104,166,35,109,146,180,180,180,180,180,198,198,219,219,219]} 1. d4 Nf6 2. c4 e6 3. Nf3 d5 4. Nc3 Be7 5. cxd5 exd5 {[#]} 6. Bf4 $5 {A rare line which has gained some attention mainly because Carlsen used it in a couple of cases. Maghsoodloo has used it in the past, both online and over the board games, so Adams shouldn't have been surprised.} c6 (6... O-O 7. e3 c6 8. Bd3 Re8 (8... Nh5 $5 9. Qc2 Nxf4 10. exf4 g6 11. h4 $13 {leads to sharp play}) 9. h3 Nbd7 10. Qc2 $14 {0-1 (31) Maghsoodloo,P (2699)-Gokerkan,C (2456) chess.com INT 2022}) (6... Bd6 7. Bxd6 Qxd6 8. e3 O-O 9. Qc2 $14) 7. e3 (7. Qc2 {The Carlsen way} g6 8. e3 Bf5 9. Bd3 Bxd3 10. Qxd3 Nbd7 11. h4 $5 a5 (11... Nb6 12. Ne5 Qc8 13. O-O-O Qe6 14. Kb1 Ne4 $13 {1/2 (51) Carlsen,M (2863)-Nakamura,H (2736) chess24.com INT 2020}) 12. Kf1 a4 13. a3 Qb6 14. Qc2 h5 15. Bg5 O-O 16. Ne5 Rfe8 $13 {0-1 (58) Carlsen,M (2863)-Aronian,L (2767) Stavanger NOR 2020}) 7... Bf5 {[#] Black grabs the chance to develop his bishop to f5 before white gets the chance to play Bd3. By the old standards black should be satisfied if he manages to develop his bishop to f5.} (7... Nh5 $5 8. h3 Nxf4 9. exf4 O-O 10. Bd3 Bd6 11. g3 $13 {[%cal Ye1f1,Yf1g2]}) 8. Nh4 $1 {White tries to remove black's bishop from the important b1-h7 diagonal.} Bg4 (8... Be4 9. Be2 Nbd7 (9... h6 10. Nxe4 Nxe4 11. Nf5 Bb4+ 12. Kf1 g6 (12... O-O $2 13. Bd3 $18 {[%cal Yd1g4]}) 13. Ng3 $14) 10. O-O (10. f3 Bg6 11. Nxg6 hxg6 12. Bg3 O-O 13. O-O b5 {[%cal Ya7a6,Yc6c5] looks ok for black}) 10... O-O 11. h3 (11. f3 $5 Bg6 12. Nxg6 hxg6 13. e4 c5 $1 14. Kh1 cxd4 15. Qxd4 dxe4 16. Rad1 $5 $13 (16. fxe4 Bc5 17. Qd3 Qe7 $13)) 11... Re8 12. f3 Bg6 13. Nxg6 hxg6 14. e4 c5 15. Nb5 $1 cxd4 16. Nc7 Bc5 17. Kh1 (17. Bd3 $5) 17... dxe4 18. Nxe8 Qxe8 19. fxe4 Ne5 $44 {1-0 (37) Maghsoodloo,P (2701)-Oparin,G (2654) Toledo ESP 2021}) (8... Bg6 9. Nxg6 (9. g4 $5 Nbd7 10. Nxg6 hxg6 11. h4 $14) 9... hxg6 10. h4 Bd6 11. Qf3 {[%cal Yf1d3,Yg2g4] Appears to be quite pleasant for white}) (8... Be6 9. Bd3 Nbd7 10. h3 $14) 9. Qc2 {[#]} (9. Be2 Bxe2 10. Qxe2 g6 11. Nf3 Nbd7 12. Bh6 Ng4 13. Bf4 Ngf6 14. O-O O-O 15. h3 Re8 $13 {1/2 (74) Yu Yangyi (2751)-Jakovenko,D (2719) Shenzhen CHN 2019}) 9... Nbd7 (9... Nh5 10. h3 Be6 (10... Bc8 $5 {Might look strange but probably c8 is a better square than e6.}) 11. Nf3 Nxf4 12. exf4 g6 13. Bd3 Qd6 14. Ne2 (14. f5 $5) 14... Nd7 15. O-O Nf6 $6 (15... O-O-O $1 {Castling long looks quite risky but probably the queenside is the safest place for the black king.} 16. b4 Kb8 17. a4 Nb6 $13) (15... O-O 16. f5 $16) 16. Ne5 $14 {1-0 (100) Warmerdam,M (2613)-Michalik,P (2577) Prague CZE 2022}) (9... g6 10. h3 Be6 11. Bd3 O-O (11... Nh5 $5 12. Nf3 Nxf4 13. exf4 Bd6 14. g3 $13) 12. Nf3 Nbd7 13. O-O c5 14. dxc5 Nxc5 15. Nd4 $14 {0-1 (51) Maghsoodloo,P (2716)-Rychagov,A (2549) chess.com INT 2022}) 10. h3 Be6 11. Nf3 {White has managed to kick black's bishop out of f5 and can probably claim a small advantage.} Nf8 $6 (11... O-O 12. Ng5 $14) (11... h6 12. Bd3 O-O 13. O-O Re8 14. a3 $14) (11... Nh5 12. Bd3 (12. Bh2 g6 13. Bd3 O-O 14. O-O a5 $1 {[%cal Yh5g7,Ye6f5] With a typical queen's gambit declined middlegame position} (14... Ng7 $6 15. b4 $1 Bxb4 16. Rfb1 $14)) 12... Nxf4 13. exf4 $14) ({RR} 11... O-O 12. Bd3 h6 13. O-O Rc8 14. Rfd1 Qa5 15. a3 Rfe8 16. b4 Qd8 17. Rac1 Nb6 18. Ne5 Bd6 19. Ne2 Ra8 20. Rb1 Nc8 21. b5 cxb5 22. Rxb5 Bxa3 23. Rxb7 Nd6 24. Nc6 Nxb7 25. Nxd8 Nxd8 26. Qa4 {Sarana,A (2683)-Fier,A (2572) chess.com INT 2026 1-0}) 12. Bd3 Ng6 13. Bh2 Nd7 $146 {A move played in order to make Ne5 less attractive while the black knight is likely neading towards b6 in order to help against a possible minority attack.} (13... Bd6 14. Ne5 (14. O-O-O $5) 14... Bxe5 15. dxe5 Nd7 16. f4 Qh4+ 17. Qf2 Qxf2+ 18. Kxf2 {looks good for white}) (13... O-O 14. O-O Bd6 15. Ne5 Nd7 16. f4 f5 17. Kh1 {[%cal Yf1g1,Yg2g4] I like white's attacking potential.}) ({RR} 13... Bd6 14. Ne5 Ne7 15. f4 c5 16. f5 Bc8 17. Nb5 Bxe5 18. dxe5 Ne4 19. Bxe4 Qa5+ 20. Qc3 Qxb5 21. Bd3 c4 22. f6 cxd3 23. fxe7 Be6 24. O-O Rc8 25. Qa3 Qc5 26. Qxd3 Qxe7 27. Qb5+ Qd7 28. Qb4 {Melnikov,F (2338)-Rychagov,A (2546) Sochi RUS 2025 0-1 (61)}) 14. O-O O-O 15. Rab1 (15. Ne2 $5 {[%cal Ye2f4]}) 15... Re8 {[#]} (15... a5 16. a3 Nb6 17. b4 $2 (17. Ne2 Bd6 $14) 17... axb4 18. axb4 Nc4 {is fine for black}) 16. b4 (16. Nd2 $5 {[%cal Yf2f4] is a way for white to take advantage of black's Re8. White's threat of f4 is quite annoying.} Ngf8 17. f4 (17. b4 $5) 17... f6 18. b4 $14) 16... Nb6 17. a4 {[#]} a6 $6 (17... Nc4 18. Bxc4 dxc4 19. Rfd1 {is good for white but compared to what happenned in the game black can still fight back.}) 18. a5 $1 (18. b5 $2 cxb5 19. axb5 a5 $13 {Black is fine and the transfer of his knight to b6 makes perfect sense.}) 18... Nc8 {[#]} (18... Nc4 19. Bxc4 dxc4 20. Na4 $16 {[%csl Rb6,Rc5]}) 19. Na4 {Although white's move is perfectly logical and gives white a substantial advantage there was a more concreet way to play.} (19. b5 $1 {Was a nice tactical shot to achieve the necessary breakthrough in the queenside.} Qxa5 (19... cxb5 $6 20. Nxb5 axb5 21. Bc7 Qd7 22. Bxb5 $18 {[%csl Rd7]}) (19... axb5 20. Nxb5 $1 Nd6 21. Nxd6 Bxd6 22. Bxd6 Qxd6 23. Rxb7 Rxa5 24. Rc1 $18) 20. bxc6 bxc6 21. Na4 $18) 19... Bd6 (19... Nd6 20. Ne5 $16 {[%cal Yf2f4]}) 20. Ne5 Nf8 {Black tries to prepare f6 in order to kick white's knight out of e5 but this will not be enough to ease black's problems.} 21. Nc5 Rb8 22. Kh1 (22. f4 $5 f6 {[#]} 23. Bxa6 $1 fxe5 (23... Bxc5 24. bxc5 fxe5 25. f5 Bd7 26. dxe5 $18) (23... bxa6 24. Nxc6 Qc7 25. Nxa6 $18) 24. Nxb7 Qc7 25. Nxd6 Nxd6 26. f5 $16) 22... Na7 $6 {Black should have kicked white's knight out of e5 before white gets the chance to play f4. Transfering black's knight to b5 shouldn't have been black's priority.} (22... f6 23. Nxa6 $5 (23. Nf3 Bf7 $14) 23... fxe5 24. Nxb8 e4 25. Be2 Bxh2 26. Kxh2 Qc7+ 27. Kg1 Qxb8 28. b5 $16) 23. f4 f6 24. Nf3 Bf7 25. Rbe1 Nb5 {[#]} 26. g4 $1 $18 {White's space advantage is enormous and makes it difficult for black to find squares for his pieces. Black has no counterplay and simply waits for white's final attack in the kingside in order to react.} Na3 (26... Bxc5 27. dxc5 {Doesn't change much}) 27. Qc1 Nc4 {[#] Regrouping Nb5 to c4 is hardly better for black since white gets the chance to play e4} 28. e4 $1 Ne6 (28... dxe4 29. Bxc4 exf3 30. Bxf7+ Kxf7 31. Qc4+ {is game over}) (28... b6 29. axb6 Qxb6 30. f5 $18) 29. Nxe6 (29. e5 $5) 29... Rxe6 {[#]} 30. e5 $1 {White correctly pushes his pawns in the kingside creating serious threats and pays no attention to what happens in the queenside.} Bxb4 31. f5 Re7 32. Re2 Bxa5 {[#]} 33. g5 {White pawns dominate the kingside and the end is a matter of time.} (33. e6 $18) 33... fxe5 34. dxe5 Bh5 35. e6 Bc7 36. f6 Bxh2 37. fxe7 Qxe7 38. Kxh2 Rf8 39. Kg2 1-0